Colombia - Statistics

General Stats
  • This quiz has been taken 48 times
  • The average score is 7 of 20
Answer Stats
Hint Answer % Correct
How is called the mythical location supposed to be flooded by gold? El Dorado
72%
What is its actual currency? Colombian peso (COP)
67%
What is the name of the bus rapid transit system that serves Bogotá? TransMilenio
61%
What song did Shakira sing in 2010 for the FIFA World Cup? Waka Waka (Esto es África)
61%
How is called the battle that opposed Colombian and Spanish forces and led to independence? Battle of Boyacá
53%
What is the fifth biggest city of Colombia? Cartagena
50%
In 1948, what massive riots followed the death of Jorge Eliécer Gaitán? El Bogotazo
47%
When did the Panama split from Colombia? 1903
42%
What artist is best-known for his sculptures representing large and plumped bodies? Fernando Botero
42%
What character is represented with his mule Conchita and embodies the Colombia coffee? Juan Valdez
36%
What calling code would you dial when calling from abroad? +57
33%
What emblemic flower is also one of its national symbol? Orchid
28%
How is called the dish consisting in fried plantains stuffed with cheese? Aborrajado
17%
What does FARC mean? Revolutionary Armed Forces of Colombia
14%
What artificial island is considerated as the world most densely populated area? Santa Cruz del Islote
11%
What protected area since 1969 is situated in the northern Carribean region? Tayrona National Natural Park
11%
How is called the basilica church that you would visit in Ipiales, Nariño? Las Lajas Sanctuary
3%
What are the three body water that mark out the country? The Pacific Ocean, the Atlantic Ocean and the Caribbean Sea
3%
What Miss Colombia won the Miss Universe pageant in 2016? Paulina Vega Dieppa
0%
What ethnic group believes in Aluna and have their priests called Mamos? The Kogi people
0%
No matching quizzes found
Score Distribution
Percent of People with Each Score
Percentile by Number Answered
Your Score History
You have not taken this quiz